| 000 | 00976nam a22002535i 4500 | ||
|---|---|---|---|
| 001 | 152264 | ||
| 003 | ES-MaACL | ||
| 005 | 20250729042040.0 | ||
| 008 | 051014s1879 it | |||||||| ||ita d | ||
| 040 |
_aCAM _bspa _cCAM |
||
| 080 | _a342 | ||
| 100 | 1 |
_aBluntschli, Johann Kaspar ( _d1808-1881) _9126025 |
|
| 245 | 1 | 0 |
_aDiritto pubblico universale / _cdi G.G. Bluntschli; versione dal tedesco per Giuseppe Trono. |
| 260 |
_aNapoli : _bLeonard Vallardi editore, _c1879. |
||
| 300 |
_a526 p. ; _c24 cm. |
||
| 490 | 1 |
_aDottrina dello stato moderno di G.G. Bluntschli ; _vParte 2 |
|
| 490 | 1 | _aCollana Filangieri di scienza giuridiche e politiche | |
| 650 | 7 |
_aDerecho público _2embne _911763 |
|
| 700 | 0 |
_aTrono, Giuseppe. _9111508 |
|
| 830 | 0 |
_aDottrina dello stato moderno di G.G. Bluntschli ; _vParte 2 _9221307 |
|
| 830 | 0 |
_aCollana Filangieri di scienza giuridiche e politiche _9221308 |
|
| 852 |
_aES-MaACL _jG-14606 _z-- Enc. hol. |
||
| 999 |
_c152264 _d152264 |
||